| Tag |
First Indicator |
Second Indicator |
Subfields |
| LEADER |
00000cam a2200000Ia 4500 |
| 001 |
in00000018025 |
| 005 |
20151007053130.0 |
| 008 |
871123m19871989sw a b 100 0 eng d |
| 020 |
|
|
|a 9186098640 (v. 1)
|
| 020 |
|
|
|a 9186098659 (v. 2)
|
| 020 |
|
|
|a 9186098942 (v. 3)
|
| 035 |
|
|
|a (OCoLC)ocm17013926
|
| 035 |
|
|
|a (OCoLC)17013926
|
| 035 |
|
|
|9 AAB0505AM
|
| 040 |
|
|
|a MUU
|c MUU
|d WAU
|d PIT
|d IAY
|d OCL
|d OCLCQ
|d MUQ
|d TXA
|d UtOrBLW
|
| 041 |
0 |
|
|a eng
|a ger
|
| 043 |
|
|
|a aw-----
|
| 049 |
|
|
|a TXAM
|
| 090 |
|
|
|a DE3
|b .S85 no.56-, 57,80
|
| 090 |
|
|
|a CE33
|b .H5 1987
|
| 111 |
2 |
|
|a International Colloquium on Absolute Chronology
|d (1987 :
|c Göteborgs universitet)
|
| 245 |
1 |
0 |
|a High, middle or low? :
|b acts of an International Colloquium on Absolute Chronology held at the University of Gothenburg, 20th-22nd August 1987 /
|c edited by Paul Åström.
|
| 264 |
|
1 |
|a Gothenburg :
|b P. Åströms förlag,
|c 1987-1989.
|
| 300 |
|
|
|a 3 volumes :
|b illustrations ;
|c 21 cm.
|
| 336 |
|
|
|a text
|b txt
|2 rdacontent
|
| 337 |
|
|
|a unmediated
|b n
|2 rdamedia
|
| 338 |
|
|
|a volume
|b nc
|2 rdacarrier
|
| 490 |
1 |
|
|a Studies in Mediterranean archaeology and literature. Pocket-book,
|x 0283-8494 ;
|v 56-57, 80
|
| 500 |
|
|
|a English and German.
|
| 500 |
|
|
|a English, German.
|
| 504 |
|
|
|a Includes bibliographical references.
|
| 536 |
|
|
|a From the Library of George F. Bass (Bodrum copy).
|
| 650 |
|
0 |
|a Bronze age
|z Middle East
|x Chronology
|v Congresses.
|
| 600 |
0 |
0 |
|a Hammurabi,
|c King of Babylonia
|x Chronology
|v Congresses.
|
| 651 |
|
0 |
|a Middle East
|x History
|v Chronology
|v Congresses.
|
| 650 |
|
0 |
|a Archaeological dating
|z Middle East
|v Congresses.
|
| 650 |
|
0 |
|a Chronology, Assyro-Babylonian.
|
| 650 |
|
0 |
|a Chronology, Egyptian.
|
| 650 |
|
0 |
|a Chronology, Historical.
|
| 600 |
0 |
6 |
|a Hammourabi,
|c roi de Babylone,
|d ca 1730-ca 1685 av. J.-C
|x Chronologie.
|
| 650 |
|
6 |
|a Âge du bronze
|z Moyen-Orient
|x Chronologie.
|
| 650 |
|
6 |
|a Chronologie historique.
|
| 651 |
|
6 |
|a Moyen-Orient
|x Histoire
|y Jusqu'à 622
|x Chronologie.
|
| 700 |
1 |
|
|a Åström, Paul.
|
| 830 |
|
0 |
|a Studies in Mediterranean archaeology and literature.
|p Pocket-book ;
|v 56-57, 80.
|
| 949 |
|
|
|a updated
|b h
|c 2006/10/16
|e fpiscitelli
|f 8:01:54 pm
|
| 994 |
|
|
|a C0
|b TXA
|
| 999 |
|
|
|a MARS
|
| 999 |
f |
f |
|s aee2ba79-4aad-34f1-8701-66c965e79bce
|i 69828b4c-10fa-32ea-b0c4-0a4913be3e9f
|t 0
|
| 952 |
f |
f |
|p ric
|a Texas A&M University
|b Rellis Campus
|c Joint Library Facility
|d Remote Storage
|t 0
|e CE33 .H5 1987
|h Library of Congress classification
|i unmediated -- volume
|k pt.1
|m A14811067648
|
| 952 |
f |
f |
|p ric
|a Texas A&M University
|b Rellis Campus
|c Joint Library Facility
|d Remote Storage
|t 0
|e CE33 .H5 1987
|h Library of Congress classification
|i unmediated -- volume
|k pt.2
|m A14811067907
|
| 952 |
f |
f |
|p noncirc
|a Texas A&M University
|b College Station
|c Sterling C. Evans Library
|d Bodrum (located in Turkey)
|t 0
|e CE33 .H5 1987
|h Library of Congress classification
|i unmediated -- volume
|k pt.2
|
| 952 |
f |
f |
|p noncirc
|a Texas A&M University
|b College Station
|c Sterling C. Evans Library
|d Bodrum (located in Turkey)
|t 0
|e CE33 .H5 1987
|h Library of Congress classification
|i unmediated -- volume
|k pt.3
|
| 952 |
f |
f |
|p noncirc
|a Texas A&M University
|b College Station
|c Sterling C. Evans Library
|d Bodrum (located in Turkey)
|t 0
|e CE33 .H5 1987
|h Library of Congress classification
|i unmediated -- volume
|k pt.1
|
| 998 |
f |
f |
|a CE33 .H5 1987
|s pt.3=v.80
|t 0
|l Bodrum (located in Turkey)
|
| 998 |
f |
f |
|a CE33 .H5 1987
|s pt.1=v.56-pt.2=v.57
|t 0
|l Remote Storage
|